[Event "Chishmy Cup 08 B"]
[Site "Chishmy"]
[Date "2016.08.12"]
[Round "9"]
[White "Sultanova, Evelina"]
[Black "Nazmeev, Kamil"]
[Result "0-1"]
[WhiteElo "1427"]
[BlackElo "1248"]
[PlyCount "30"]
[EventDate "2016.08.06"]
[EventType "tourn"]
[EventRounds "9"]
[EventCountry "RUS"]
[SourceTitle "EXT 2022"]
[Source "ChessBase"]
[SourceDate "2021.10.06"]
[SourceVersion "1"]
[SourceVersionDate "2021.10.06"]
[SourceQuality "1"]

1. e4 e5 2. Nf3 Nc6 3. Bc4 Nb4 4. a3 Nc6 5. Nc3 Bc5 6. d3 h6 7. 0-0 d6 8. Be3 Bg4 9. h3 Bh5 10. b4 Bd4 11. Bxd4 Nxd4 12. Ne2 Nxf3+ 13. gxf3 Qg5+ 14. Kh1 Bxf3+ 15. Kh2 Qg2# 0-1

[Event "Chishmy Cup 08 B"]
[Site "Chishmy"]
[Date "2016.08.10"]
[Round "7"]
[White "Fakhrtdinova, Elvira"]
[Black "Sultanova, Evelina"]
[Result "1-0"]
[WhiteElo "1065"]
[BlackElo "1427"]
[PlyCount "49"]
[EventDate "2016.08.06"]
[EventType "tourn"]
[EventRounds "9"]
[EventCountry "RUS"]
[SourceTitle "EXT 2022"]
[Source "ChessBase"]
[SourceDate "2021.10.06"]
[SourceVersion "1"]
[SourceVersionDate "2021.10.06"]
[SourceQuality "1"]

1. e4 e5 2. Nf3 Nc6 3. Nc3 Nf6 4. Bb5 Bb4 5. d3 a6 6. Bxc6 dxc6 7. Nxe5 Bxc3+ 8. bxc3 0-0 9. 0-0 Qe8 10. Nf3 Nh5 11. Ne1 Bg4 12. Qxg4 Qe5 13. Nf3 Nf6 14. Nxe5 Nxg4 15. Nxg4 h6 16. Re1 Rae8 17. Ba3 h5 18. Ne3 c5 19. Bxc5 b6 20. Bxf8 Rxf8 21. Nd5 c6 22. Nxb6 Rb8 23. Nc4 a5 24. Nxa5 Rb2 25. Nxc6 1-0